Estadísticas para La gata bajo la lluvia

Haz click aquí para intentar la prueba.

Estadísticas generales

  • Esta prueba ha sido intentada 36 veces
  • La puntuación promedio es 118 de 157

Estadísticas de respuestas

Respuesta% Correcto
a
100%
Y
100%
y
100%
gata
96%
Lo
96%
lo
96%
no
96%
No
96%
96%
seré
96%
Seré
96%
te
96%
Te
96%
Amor
91%
amor
91%
bajo
91%
la
91%
La
91%
lluvia
91%
por
91%
tu
91%
Tu
91%
que
87%
tuya
87%
yo
87%
el
83%
es
83%
me
83%
ti
83%
ya
83%
Ya
83%
maullaré
78%
un
78%
voy
78%
aqui
74%
asi
74%
quedo
74%
si
74%
Si
74%
vas
74%
ves
74%
vida
74%
casualidad
70%
fue
70%
Llovera
70%
molestar
70%
nuestro
70%
de
65%
Mi
65%
del
61%
Invitame
61%
mente
61%
pasado
61%
Tranquilo
61%
vueltas
61%
café
57%
culpo
57%
dando
57%
hazme
57%
hay
52%
hora
52%
misma
52%
mismo
52%
solo
52%
torrente
52%
ahi
48%
boulevard
48%
nos
48%
temas
48%
alguna
43%
echada
43%
estaba
43%
gato
43%
suerte
43%
vez
43%
vuelvo
43%
cuidado
39%
ojala
39%
tengas
39%
vemos
39%
verte
39%
digas
30%
hacer
30%
has
30%
herido
30%
lagrima
30%
llorar
30%
nada
30%
perdon
30%
querido
30%
verdad
30%

Distribución de puntuación

Porcentaje por número respondido

Porcentaje de gente con cada puntuación

Historial de tus puntuaciones

No has intentado esta prueba.